О необходимости коренного изменения системы управления водными ресурсами басейна Томи; Проблемы реформирования региональной экономики

Dades bibliogràfiques
Parent link:Проблемы реформирования региональной экономики.— 1994.— С. 329-331
Autor principal: Шварцев С. Л. Степан Львович
Idioma:rus
Publicat: 1994
Matèries:
Format: MixedMaterials Capítol de llibre
KOHA link:https://koha.lib.tpu.ru/cgi-bin/koha/opac-detail.pl?biblionumber=156360

MARC

LEADER 00000naa2a2200000 4500
001 156360
005 20231031153112.0
035 |a (RuTPU)RU\TPU\book\169600 
090 |a 156360 
100 |a 20090326d1994 k y0rusy50 ca 
101 0 |a rus 
102 |a RU 
200 1 |a О необходимости коренного изменения системы управления водными ресурсами басейна Томи  |f С. Л. Шварцев 
463 0 |0 (RuTPU)RU\TPU\book\13198  |y 5202000464  |t Проблемы реформирования региональной экономики  |o Материалы международной научно-практической конференции, 22-23 сентября 1994 г.  |v С. 329-331  |d 1994  |p 370 с. 
610 1 |a труды учёных ТПУ 
700 1 |a Шварцев  |b С. Л.  |c российский гидрогеолог, доктор геолого-минералогических наук  |c профессор Томского политехнического университета, академик РАЕН  |f 1936-  |g Степан Львович  |2 stltpush  |3 (RuTPU)RU\TPU\pers\25914 
801 1 |a RU  |b 63413507  |c 20090326  |g PSBO 
801 2 |a RU  |b 63413507  |c 20100519  |g PSBO 
942 |c BK